Mother Teresa Quiz - Statistics

General Stats
  • This quiz has been taken 90 times
  • The average score is 4 of 10
Answer Stats
Question Answer % Correct
Country she died in India
89%
She won this Nobel Prize in 1979 Peace
77%
Year she died 1997
70%
Pope that visited her at her missionary headquarters John Paul II
59%
Modern day country she was born in Macedonia
59%
Health problem she suffered in 1989 Heart Attack
30%
British city she spoke to a rally about third world poverty in 1982 Glasgow
27%
She became a nun with the missionary Loreto sisters in this country Ireland
21%
Amount of countries her missionaries of charity were working in at the time of her death 123
13%
Book and film written by Malcolm Muggeridge about her Something Beautiful for God
4%
No matching quizzes found
Score Distribution
Percent of People with Each Score
Percentile by Number Answered
Your Score History
You have not taken this quiz